Cyclisme quiz Team Macadam's Cowboys 2023 - Statistiques

Statistiques générales
  • Ce quiz a été pris 38 fois
  • Le résultat moyen est 8 sur 15
Statistiques - réponses
Réponse % Correct
Lorenzo Marasco
80%
Arthur Liardet
73%
Guillaume Stopa
73%
Maël Savignard
73%
Edward Ouellet
53%
Julien Nehr
53%
Antoine Grimard
47%
Charles Duquette
47%
Léonard Péloquin
47%
Louis Jumeaux
47%
Simon Bolot
47%
Vincent Sibille
47%
Thomas Feireisen
33%
Aurélien Debras
20%
Aurélien Petitpas
13%
Aucun quiz correspondant
Distribution des résultats
% des personnes avec chaque résultat
Percentile par nombre de réponses
Votre historique - résultats
Vous n’avez pas pris ce quiz